[Event "Rio Gallegos op"]
[Site "Rio Gallegos"]
[Date "2019.06.23"]
[Round "5.1"]
[White "Campeon, Matias"]
[Black "Leon, Mario"]
[Result "1-0"]
[WhiteElo "2020"]
[BlackElo "1780"]
[PlyCount "47"]
[EventDate "2019.06.09"]
[EventType "swiss"]
[EventRounds "6"]
[EventCountry "ARG"]
[SourceTitle "EXT 2024"]
[Source "ChessBase"]
[SourceDate "2023.10.10"]
[SourceVersion "1"]
[SourceVersionDate "2023.10.10"]
[SourceQuality "1"]

1. f4 e5 2. fxe5 d6 3. exd6 Bxd6 4. Nf3 g5 5. g3 g4 6. Nh4 Ne7 7. d4 Ng6 8. Nxg6 hxg6 9. Qd3 Be6 10. e4 Nc6 11. c3 Qe7 12. Bg2 Rh5 13. Bf4 0-0-0 14. Nd2 Bxf4 15. gxf4 Rdh8 16. 0-0-0 Bxa2 17. d5 Rd8 18. Qc2 f5 19. dxc6 Bf7 20. cxb7+ Kb8 21. e5 Rhh8 22. Nb3 Qe6 23. Nd4 Rd5 24. Nxe6 1-0

[Event "Rio Gallegos op"]
[Site "Rio Gallegos"]
[Date "2019.06.22"]
[Round "4.3"]
[White "Fernandez, Leandro Daniel"]
[Black "Leon, Mario"]
[Result "0-1"]
[WhiteElo "1646"]
[BlackElo "1780"]
[PlyCount "116"]
[EventDate "2019.06.09"]
[EventType "swiss"]
[EventRounds "6"]
[EventCountry "ARG"]
[SourceTitle "EXT 2024"]
[Source "ChessBase"]
[SourceDate "2023.10.10"]
[SourceVersion "1"]
[SourceVersionDate "2023.10.10"]
[SourceQuality "1"]

1. d4 d5 2. c4 c5 3. cxd5 Qxd5 4. Nc3 Qxd4 5. Qxd4 cxd4 6. Nb5 Na6 7. Bf4 Bd7 8. Nxd4 f6 9. Bd2 e5 10. Nc2 Rc8 11. Rc1 Bb4 12. e4 Bxd2+ 13. Kxd2 Nc5 14. f3 Ne7 15. Ne2 0-0 16. Nc3 a6 17. Bc4+ Kh8 18. Ne3 b5 19. Bd5 b4 20. Nb1 Nxd5 21. Nxd5 Rfd8 22. Ke3 Be6 23. Nxb4 a5 24. Nd5 Bxd5 25. exd5 Rxd5 26. Rhd1 Rxd1 27. Rxd1 h5 28. Rc1 Rc7 29. Nd2 Ne6 30. Rxc7 Nxc7 31. Nc4 a4 32. Nb6 a3 33. bxa3 Kg8 34. a4 Kf7 35. h3 Ke6 36. g4 hxg4 37. hxg4 Kd6 38. f4 exf4+ 39. Kxf4 g6 40. g5 Ne6+ 41. Kg4 Nxg5 42. a3 Ne6 43. Nc4+ Kd5 44. Ne3+ Kd4 45. Nf5+ Ke5 46. Ne7 f5+ 47. Kf3 g5 48. a5 Nc7 49. Nc6+ Kf6 50. Nb4 g4+ 51. Kf4 Ne6+ 52. Kg3 Kg5 53. Nd5 f4+ 54. Kg2 f3+ 55. Kg3 Nc5 56. Nc7 Ne4+ 57. Kh2 g3+ 58. Kg1 Nd2 0-1

[Event "Rio Gallegos op"]
[Site "Rio Gallegos"]
[Date "2018.09.09"]
[Round "3.1"]
[White "Diaz, Walter"]
[Black "Leon, Mario"]
[Result "1-0"]
[WhiteElo "2132"]
[BlackElo "1870"]
[PlyCount "53"]
[EventDate "2018.09.07"]
[EventType "swiss"]
[EventRounds "6"]
[EventCountry "ARG"]
[SourceTitle "EXT 2024"]
[Source "ChessBase"]
[SourceDate "2023.10.10"]
[SourceVersion "1"]
[SourceVersionDate "2023.10.10"]
[SourceQuality "1"]

1. f4 d5 2. Nf3 Nf6 3. e3 Bf5 4. b3 e6 5. Bb2 Be7 6. Be2 Nbd7 7. 0-0 c5 8. Ne5 Nxe5 9. Bxe5 Nd7 10. Bxg7 Rg8 11. Bb2 Bf6 12. Bxf6 Qxf6 13. Na3 Qg6 14. Bf3 Nf6 15. Qe2 a6 16. d3 Kf8 17. Rae1 Rd8 18. e4 dxe4 19. dxe4 Bg4 20. Nc4 Bxf3 21. Qxf3 Rd4 22. f5 exf5 23. exf5 Qg5 24. Qxb7 Ne4 25. Ne3 Nd2 26. f6 Re4 27. Qb8+ 1-0